000 00422pab a2200157 454500
008 180718b2004 xxu||||| |||| 00| 0 eng d
100 _aTeotia, Manoj K.
245 _aFinancing urban infrastructure in Punjab: issues and options
260 _c2004
300 _ap.33-60.
362 _aJan-Jun
650 _aUrban development - India - Punjab
650 _aUrban development
773 _aUrban India
909 _a66101
999 _c66101
_d66101